Statistics for Beatles Songs Quiz (EXPERT)

Click here to take the quiz!

General Stats

  • This quiz has been taken 12 times
    (11 since last reset)
  • The average score is 153 of 217

Answer Stats

YearAlbumSong% Correct
1969Let It BeAcross the Universe
83%
1967Sgt. Pepper's Lonely Hearts Club BandA Day in the Life
83%
1964A Hard Day's NightA Hard Day's Night
83%
1969Yellow SubmarineAll Together Now
83%
1969Yellow SubmarineAll You Need Is Love
83%
1968The BeatlesBack in the U.S.S.R.
83%
1969Abbey RoadBecause
83%
1967Sgt. Pepper's Lonely Hearts Club BandBeing for the Benefit
of Mr. Kite!
83%
1968The BeatlesBirthday
83%
1969Abbey RoadCarry That Weight
83%
1967Abbey RoadCome Together
83%
1968The BeatlesDear Prudence
83%
1969Let It BeDig a Pony
83%
1970Let It BeDig It
83%
1965Rubber SoulDrive My Car
83%
1966RevolverEleanor Rigby
83%
1968The BeatlesEverybody's Got
Something to Hide Except
Me and My Monkey
83%
1967Sgt. Pepper's Lonely Hearts Club BandFixing a Hole
83%
1969Let It BeFor You Blue
83%
1969Let It BeGet Back
83%
1967Sgt. Pepper's Lonely Hearts Club BandGetting Better
83%
1969Abbey RoadGolden Slumbers
83%
1967Sgt. Pepper's Lonely Hearts Club BandGood Morning Good Morning
83%
1968The BeatlesGood Night
83%
1969Abbey RoadHere Comes the Sun
83%
1969Abbey RoadHer Majesty
83%
1969Yellow SubmarineHey Bulldog
83%
1967Magical Mystery TourI Am the Walrus
83%
1968Let It BeI Me Mine
83%
1963Please Please MeI Saw Her Standing There
83%
1969Yellow SubmarineIt's All Too Much
83%
1969Let It BeI've Got a Feeling
83%
1969Let It BeLet It Be
83%
1967Sgt. Pepper's Lonely Hearts Club BandLovely Rita
83%
1967Sgt. Pepper's Lonely Hearts Club BandLucy in the Sky
with Diamonds
83%
1969Let It BeMaggie Mae
83%
1969Magical Mystery TourMagical Mystery Tour
83%
1969Abbey RoadMaxwell's Silver
Hammer
83%
1969Abbey RoadMean Mr. Mustard
83%
1963Please Please MeMisery
83%
1968The BeatlesOb-La-Di, Ob-La-Da
83%
1969Abbey RoadOh! Darling
83%
1969Let It BeOne After 909
83%
1969Yellow SubmarineOnly a Northern Song
83%
1965Rubber SoulRun for Your Life
83%
1967Sgt. Pepper's Lonely Hearts Club BandSgt. Pepper's Lonely
Hearts Club Band
83%
1967Sgt. Pepper's Lonely Hearts Club BandSgt. Pepper's Lonely
Hearts Club Band (reprise)
83%
1969Abbey RoadShe Came in Through
the Bathroom Window
83%
1967Sgt. Pepper's Lonely Hearts Club BandShe's Leaving Home
83%
1969Abbey RoadSomething
83%
1969Abbey RoadSun King
83%
1966RevolverTaxman
83%
1969Abbey RoadThe End
83%
1967Magical Mystery TourThe Fool on the Hill
83%
1969Let It BeThe Long
and Winding Road
83%
1966RevolverTomorrow Never Knows
83%
1969Let It BeTwo of Us
83%
1967Sgt. Pepper's Lonely Hearts Club BandWhen I'm Sixty-Four
83%
1967Sgt. Pepper's Lonely Hearts Club BandWith a Little Help from
My Friends
83%
1967Sgt. Pepper's Lonely Hearts Club BandWithin You Without You
83%
1969Yellow SubmarineYellow Submarine
83%
1969Abbey RoadYou Never Give Me
Your Money
83%
1969Past MastersAcross the Universe
67%
1965Help!Act Naturally
67%
1963With the BeatlesAll I've Got to Do
67%
1963With the BeatlesAll My Loving
67%
1967Magical Mystery TourAll You Need Is Love
67%
1964A Hard Day's NightAnd I Love Her
67%
1966RevolverAnd Your Bird Can Sing
67%
1963Please Please MeAnna (Go to Him)
67%
1965Help!Another Girl
67%
1964A Hard Day's NightAny Time at All
67%
1962Please Please MeAsk Me Why
67%
1963Please Please MeA Taste of Honey
67%
1963Please Please MeBaby It's You
67%
1964Beatles for SaleBaby's in Black
67%
1967Magical Mystery TourBaby, You're a Rich Man
67%
1965Past MastersBad Boy
67%
1968The BeatlesBlackbird
67%
1967Magical Mystery TourBlue Jay Way
67%
1963Please Please MeBoys
67%
1964A Hard Day's NightCan't Buy Me Love
67%
1963Please Please MeChains
67%
1968The BeatlesCry Baby Cry
67%
1965Past MastersDay Tripper
67%
1963With the BeatlesDevil in Her Heart
67%
1965Help!Dizzy Miss Lizzy
67%
1966RevolverDoctor Robert
67%
1963With the BeatlesDon't Bother Me
67%
1969Past MastersDon't Let Me Down
67%
1968The BeatlesDon't Pass Me By
67%
1963Please Please MeDo You Want
to Know a Secret
67%
1964Beatles for SaleEight Days a Week
67%
1964Beatles for SaleEverybody's Trying
to Be My Baby
67%
1967Magical Mystery TourFlying
67%
1966RevolverFor No One
67%
1963Past MastersFrom Me to You
67%
1969Past MastersGet Back
67%
1965Rubber SoulGirl
67%
1968The BeatlesGlass Onion
67%
1966RevolverGood Day Sunshine
67%
1966RevolverGot To Get You Into My Life
67%
1968The BeatlesHappiness is a
Warm Gun
67%
1967Magical Mystery TourHello, Goodbye
67%
1965Help!Help!
67%
1968The BeatlesHelter Skelter
67%
1966RevolverHere, There and Everywhere
67%
1968Past MastersHey Jude
67%
1968The BeatlesHoney Pie
67%
1964Past MastersI Feel Fine
67%
1964A Hard Day's NightIf I Fell
67%
1965Rubber SoulIf I Needed Someone
67%
1964A Hard Day's NightI'll Be Back
67%
1964A Hard Day's NightI'll Cry Instead
67%
1964Beatles for SaleI'll Follow the Sun
67%
1963Past MastersI'll Get You
67%
1964Beatles for SaleI'm a Loser
67%
1965Past MastersI'm Down
67%
1964A Hard Day's NightI'm Happy Just
to Dance with You
67%
1965Rubber SoulI'm Looking Through You
67%
1966RevolverI'm Only Sleeping
67%
1965Help!I Need You
67%
1965Rubber SoulIn My Life
67%
1964A Hard Day's NightI Should Have
Known Better
67%
1965Help!It's Only Love
67%
1963With the BeatlesIt Won't Be Long
67%
1965Help!I've Just Seen a Face
67%
1963Past MastersI Want to Hold Your Hand
67%
1966RevolverI Want to Tell You
67%
1969Abbey RoadI Want You
(She's So Heavy)
67%
1968The BeatlesI Will
67%
1968The BeatlesJulia
67%
1964Beatles for SaleKansas City /
Hey, Hey, Hey, Hey
67%
1968Past MastersLady Madonna
67%
1970Past MastersLet it Be
67%
1963With the BeatlesLittle Child
67%
1968The BeatlesLong, Long, Long
67%
1964Past MastersLong Tall Sally
67%
1962Please Please MeLove Me Do
67%
1962Past MastersLove Me Do
67%
1966RevolverLove You To
67%
1968The BeatlesMartha My Dear
67%
1964Past MastersMatchbox
67%
1965Rubber SoulMichelle
67%
1963With the BeatlesMoney (That's
What I Want)
67%
1968The BeatlesMother Nature's Son
67%
1964Beatles for SaleMr. Moonlight
67%
1964Beatles for SaleNo Reply
67%
1965Rubber SoulNorwegian Wood
(This Bird Has Flown)
67%
1963With the BeatlesNot a Second Time
67%
1965Rubber SoulNowhere Man
67%
1969Abbey RoadOctopus's Garden
67%
1969Past MastersOld Brown Shoe
67%
1966Past MastersPaperback Writer
67%
1967Magical Mystery TourPenny Lane
67%
1968The BeatlesPiggies
67%
1962Please Please MePlease Please Me
67%
1969Abbey RoadPolythene Pam
67%
1962Please Please MeP.S. I Love You
67%
1966Past MastersRain
67%
1968Past MastersRevolution
67%
1968The BeatlesRevolution 1
67%
1968The BeatlesRevolution 9
67%
1964Beatles for SaleRock and Roll Music
67%
1968The BeatlesRocky Raccoon
67%
1964With the BeatlesRoll Over Beethoven
67%
1968The BeatlesSavoy Truffle
67%
1968The BeatlesSexy Sadie
67%
1963Past MastersShe Loves You
67%
1966RevolverShe Said She Said
67%
1964Past MastersSlow Down
67%
1967Magical Mystery TourStrawberry Fields Forever
67%
1965Help!Tell Me What You See
67%
1964A Hard Day's NightTell Me Why
67%
1969Past MastersThe Ballad of John
and Yoko
67%
1968The BeatlesThe Continuing Story
of Bungalow Bill
67%
1968Past MastersThe Inner Light
67%
1965Help!The Night Before
67%
1963Please Please MeThere's a Place
67%
1965Rubber SoulThe Word
67%
1964A Hard Day's NightThings We Said Today
67%
1965Rubber SoulThink for Yourself
67%
1963Past MastersThis Boy
67%
1965Help!Ticket to Ride
67%
1963With the BeatlesTill There Was You
67%
1963Please Please MeTwist and Shout
67%
1965Rubber SoulWait
67%
1965Past MastersWe Can Work It Out
67%
1965Rubber SoulWhat Goes On
67%
1964A Hard Day's NightWhen I Get Home
67%
1968The BeatlesWhile My Guitar
Gently Weeps
67%
1968The BeatlesWhy Don't We Do It
in the Road?
67%
1968The BeatlesWild Honey Pie
67%
1964Beatles for SaleWords of Love
67%
1966RevolverYellow Submarine
67%
1968The BeatlesYer Blues
67%
1965Past MastersYes it Is
67%
1965Help!Yesterday
67%
1964A Hard Day's NightYou Can't Do That
67%
1970Past MastersYou Know my Name
(Look Up the Number)
67%
1965Help!You Like Me Too Much
67%
1965Help!You're Going
to Lose That Girl
67%
1967Magical Mystery TourYour Mother Should Know
67%
1965Help!You've Got to Hide
Your Love Away
67%
1965Rubber SoulYou Won't See Me
67%
1964Beatles for SaleEvery Little Thing
50%
1963With the BeatlesHold Me Tight
50%
1964Beatles for SaleHoney Don't
50%
1964Past MastersI Call Your Name
50%
1964Beatles for SaleI Don't Want
to Spoil the Party
50%
1968The BeatlesI'm So Tired
50%
1963With the BeatlesI Wanna Be Your Man
50%
1963With the BeatlesPlease Mr. Postman
50%
1964Past MastersShe's a Woman
50%
1963Past MastersThank You Girl
50%
1964Beatles for SaleWhat You're Doing
50%
1963With the BeatlesYou Really Got a
Hold on Me
50%

Score Distribution

Percentile by Number Answered

Percent of People with Each Score

Your Score History

You have not taken this quiz since the last reset